Анатомический атлас лекарственных растений / (Record no. 471062)
[ view plain ]
| 000 -LEADER | |
|---|---|
| fixed length control field | 00915nam a2200217 a 4500 |
| 001 - CONTROL NUMBER | |
| control field | 000937892 |
| 003 - CONTROL NUMBER IDENTIFIER | |
| control field | AM-YeHGA |
| 005 - DATE AND TIME OF LATEST TRANSACTION | |
| control field | 20250617161415.0 |
| 008 - FIXED-LENGTH DATA ELEMENTS--GENERAL INFORMATION | |
| fixed length control field | 121219s1949 ||||||||||||||||||||rus d |
| 040 ## - CATALOGING SOURCE | |
| Original cataloging agency | AM-YeHGA |
| 041 0# - LANGUAGE CODE | |
| Language code of text/sound track or separate title | rus |
| 090 ## - LOCALLY ASSIGNED LC-TYPE CALL NUMBER (OCLC); LOCAL CALL NUMBER (RLIN) | |
| -- | 474319 |
| 100 1# - MAIN ENTRY--PERSONAL NAME | |
| Personal name | Терпило, Н.И. |
| 245 10 - TITLE STATEMENT | |
| Title | Анатомический атлас лекарственных растений / |
| Statement of responsibility, etc. | Н.И. Терпило; Харьковский н.-и. химико-фармацевтический ин-т . |
| 260 ## - PUBLICATION, DISTRIBUTION, ETC. | |
| Place of publication, distribution, etc. | Харьков : |
| Name of publisher, distributor, etc. | Б. и., |
| Date of publication, distribution, etc. | 1949. |
| 300 ## - PHYSICAL DESCRIPTION | |
| Extent | 244 с. : |
| Other physical details | ил. |
| 650 14 - SUBJECT ADDED ENTRY--TOPICAL TERM | |
| Topical term or geographic name entry element | Лекарственные растения |
| 650 14 - SUBJECT ADDED ENTRY--TOPICAL TERM | |
| Topical term or geographic name entry element | Аптечное дело |
| 650 14 - SUBJECT ADDED ENTRY--TOPICAL TERM | |
| Topical term or geographic name entry element | Фармакогностические исследование |
| 710 2# - ADDED ENTRY--CORPORATE NAME | |
| Corporate name or jurisdiction name as entry element | Харьковский научно-исследовательский химико-фармацевтический институт |
| Withdrawn status | Lost status | Source of classification or shelving scheme | Damaged status | Not for loan | Collection | Home library | Current library | Date acquired | Total checkouts | Full call number | Barcode | Date last seen | Price effective from | Koha item type | Public note |
|---|---|---|---|---|---|---|---|---|---|---|---|---|---|---|---|
| Universal Decimal Classification | General | Fundamental Scientific Library | Fundamental Scientific Library | 30/05/2018 | PД III/5538 | FL0500883 | 30/05/2018 | 30/05/2018 | Գրքեր / Books | 30 Days Loan | |||||
| Universal Decimal Classification | General | Fundamental Scientific Library | Fundamental Scientific Library | 30/05/2018 | PД III/5537 | FL0500884 | 30/05/2018 | 30/05/2018 | Գրքեր / Books | 30 Days Loan |
ՀՀ Գիտությունների ազգային ակադեմիայի հիմնարար գիտական գրադարան = Fundamental Scientific Library of NAS RA
All site content, except where otherwise noted, is licensed under a